| 000 | 00732cad a22002175a 4500 | ||
|---|---|---|---|
| 001 | L156795 | ||
| 008 | 120716e20120209xxk 000 0 eng d | ||
| 035 | _a(Sirsi) u156795 | ||
| 041 | 0 | _aeng | |
| 100 | 1 | _aRintoul, David | |
| 110 | 2 | _aClarkslegal LLP | |
| 245 | 0 | 0 |
_aBuilding information modelling _h[electronic resource] |
| 260 | _c2012 | ||
| 520 | _aExplains the use and advantages of BIM and the potential disadvantages and legal issues. | ||
| 590 | _aKA NTK | ||
| 650 | 2 | 4 | _aBUILDING INFORMATION MODELLING |
| 651 | 4 |
_aUnited Kingdom _y |
|
| 690 |
_aBIM _96219 |
||
| 856 | 4 | 0 |
_uhttps://www.clarkslegal.com/Article/1432/Building%20Information%20Modelling _zView this item free of charge at www.clarkslegal.com |
| 942 | _n0 | ||
| 999 |
_c84159 _d84159 |
||